| 000 | 01401nam a2200433 i 4500 | ||
|---|---|---|---|
| 001 | 3837 | ||
| 003 | KOSZ 005 | ||
| 005 | 20210126130259.0 | ||
| 008 | 971113s1988 pl a f |001 0 pol | ||
| 015 | _aUWD 1988/10093 | ||
| 020 | _a832133380X | ||
| 035 | _a991003295509705066 | ||
| 035 | _a(PL-WaBN)b10884580-48omnis_nlop | ||
| 035 | _ab10884580 | ||
| 035 | _a(OCoLC)749295761 | ||
| 035 | _a(PL)b0000001088458 | ||
| 035 | _a(EXLNZ-48OMNIS_NETWORK)9910005828905606 | ||
| 040 |
_aWA N _cWA N _dKOSZ 005/HR |
||
| 046 | _k1988 | ||
| 080 | _a691 | ||
| 100 | 1 |
_aWojciechowski, Lech _eAutor |
|
| 245 | 1 | 0 |
_aMateriały budowlane w budownictwie indywidualnym / _cLech Wojciechowski. |
| 250 | _aWyd. 2 zm. | ||
| 260 |
_aWarszawa : _b"Arkady", _c1988. |
||
| 300 |
_a254, [2] s., [8] s. tabl. kolor. : _bfot., rys. ; _c24 cm. |
||
| 336 |
_aTekst _btxt _2rdacontent |
||
| 337 |
_aBez urządzenia pośredniczącego _bn _2rdamedia |
||
| 338 |
_aWolumin _bnc _2rdacarrier |
||
| 380 | _aKsiążki | ||
| 380 | _aPublikacje fachowe | ||
| 388 | _a1988 | ||
| 504 | _aBibliogr. s. 251. - Indeks. | ||
| 650 | 7 |
_aMateriały budowlane _2DBN |
|
| 658 | _aArchitektura i budownictwo | ||
| 710 | 2 |
_aWydawnictwo Arkady _4pbl |
|
| 856 |
_uhttp://koha.tu.koszalin.pl/cgi-bin/koha/opac-detail.pl?biblionumber=3837 _yKatalog online BPK |
||
| 942 |
_2UKD _cKS |
||
| 999 |
_c3837 _d3837 |
||